000 00898nam a22001817a 4500
999 _c121185
_d121185
001 K121185
008 190716b2020 ||||| |||| 00| 0 eng d
110 _96298
_aWorld Green Building Council
245 _aWorld Green Building Council
520 _aThe World Green Building Council (WorldGBC) is a global network leading the transformation of the built environment to make it healthier and more sustainable. Collectively, with our Green Building Councils (GBCs) in around 70 countries, we accelerate action to deliver on the ambition of the Paris Agreement, by eliminating the buildings and construction sector's emissions by 2050.
650 _aGreen buildings
650 _aUK Green Building Council
650 _aNet-zero carbon
650 _aValue the planet
651 _aInternational
690 _96238
_aEnvironment
856 _uhttps://www.worldgbc.org/
_zView at www.worldgc.org